| 000 | 00502nam a2200169 a 4500 | ||
|---|---|---|---|
| 020 | _a0070481962 (hb) | ||
| 082 |
_a574.9 _bPAL _cL-31, P-11 |
||
| 100 | 1 |
_aPalmer, E. Laurence _940356 |
|
| 245 | 1 |
_aFieldbook of natural history _cPalmer, E. Laurence |
|
| 260 |
_aNew York : _bMcGraw-Hill Book Company , _c1974 |
||
| 300 | _ax,664p. : ill. | ||
| 526 |
_a0 _b0 _c0 _d574_900000000000000_PAL |
||
| 650 |
_aMCE _9379 |
||
| 650 | _aNatural History | ||
| 700 |
_aPalmer, E. Laurence _940356 |
||
| 942 |
_2ddc _cBK |
||
| 999 |
_c544679 _d544679 |
||